LEADER 01737nam a2200349 a 4500 001 000000137953 003 CaOOAMICUS 005 20140328113230.0 008 140328s1995 vc cf u000 ubita r 020 $a88-209-2054-9 040 $aPUL$bita 041 0 $aita$aspa 082 04$a282.092 100 1 $aPortillo y Diez de Sollano, Alvaro del,$cbeato,$d1914-1994.$0(OLS)http://pul/name/18991 245 10$aRendere amabile la veritą :$braccolta di scritti di mons. Alvaro del Portillo: pastorali, teologici, canonistici, vari. 260 $aCittą del Vaticano :$bLibreria editrice vaticana,$c©1995. 300 $a692 p., [1] p. di tav. :$britr. ;$c25 cm 500 $aIn testa al front.: Ateneo Romano della Santa Croce. 546 $aTesti in italiano e spagnolo. 600 14$aPortillo y Diez de Sollano, Alvaro del,$csac.,$d1914-1994.$0(OLS)http://pul/subject/40414 610 24$aOpus Dei.$0(OLS)http://pul/subject/19396 710 2 $aAteneo Romano della Santa Croce.$kTesi.$0(OLS)http://pul/name/17117 850 $aPUL 852 $aPUL$W1$xDP2 Religione 3$y114$m282. 092 ARSCR 1$j159021$qDDC 21$B158573$CPULBib$Z2$F158573 $H91069 $82 910 $aPontificia Universitą della Santa Croce$917117 910 $aPontificia Universitą della Santa Croce$917117 941 1 $a9 996 $6020$a88-209-2054-9$9(OLS)http://pul/number/154950 996 $6082$a282.092$9(OLS)http://pul/classification/402 996 $6245$aRendere amabile la veritą :$braccolta di scritti di mons. Alvaro del Portillo: pastorali, teologici, canonistici, vari$9(OLS)http://pul/title/174686 996 $6260$aCittą del Vaticano :$bLibreria editrice vaticana$9(OLS)http://pul/publisher/47920 LEADER 01194nam a2200265 u 4500 001 000000110675 003 CaOOAMICUS 005 20080318111433.0 008 080314s2006 it u000 u ita u 020 $a88-217-2410-7 040 $aPUL(R)$bita$dBc 100 1 $aFabio, Massimo.$0(OLS)http://pul/name/67864 245 10$aEst Europa :$bcommercio internazionale e investimenti esteri /$cMassimo Fabio. 260 $a[S.l.] :$bIpsoa,$c2006. 300 $axviii, 427 p. ;$c24 cm. 490 1 $aPaesi emergenti ;$v3. 650 4$aDiritto commerciale$zEuropa orientale.$0(OLS)http://pul/subject/34209 651 4$aEuropa orientale$xRelazioni economiche e commerciali.$0(OLS)http://pul/subject/34222 830 0$aPaesi emergenti ;$v3.$0(OLS)http://pul/title/139180 850 $aPUL 852 $aPUL$W1$xSL Diritto e Scienze Sociali 3$y79$m346. 5 COLL 1.3$j126802$qDDC 21$B125523$CPULBib$Z2$F125523 $H106759 $82 941 1 $a9 996 $6020$a88-217-2410-7$9(OLS)http://pul/number/137534 996 $6245$aEst Europa :$bcommercio internazionale e investimenti esteri$9(OLS)http://pul/title/139187 996 $6260$a[S.l.] :$bIpsoa$9(OLS)http://pul/publisher/77155